Lanzamiento del modelo de atención en salud con enfoque familiar y comunitario. (Registro nro. 44175)

Detalles MARC
000 -ENCABEZADO
Número de control [NR] 00847nam a2200193Ia 4500
008 - DE LONGITUD FIJA DE DATOS DE ELEMENTOS - INFORMACIÓN GENERAL
Elementos de longitud fija [NR] 130821s2004 ck gs spa
040 ## - FUENTE DE CATALOGACION [NR]
Agencia de catalogación original [NR] Co-BoUCM
Idioma de catalogación [NR] spa
041 00 - CODIGO DE IDIOMA [R]
Código de idioma para texto/pista de sonido o título separado [R] Español
092 ## - SIGNATURA TOPOGRAFICA LOCAL
Número de clasificación local CD-ROM 0184
110 1# - ASIENTO PRINCIPAL--NOMBRE CORPORATIVO [NR]
Nombre corporativo o de jurisdicción como elemento de entrada [NR] Bogotá.
Unidad subordinada [R] Alcaldía Mayor.
-- Secretaría Salud
111 ## - ASIENTO PRINCIPAL--NOMBRE DE REUNION [NR]
Nombre de reunión o de jurisdicción como elemento de entrada [NR] Foro internacional Modelos de Atención en Salud (1: 2004 may 25-26 : Bogotá)
245 10 - MENCION DE TITULO [NR]
Título [NR] Lanzamiento del modelo de atención en salud con enfoque familiar y comunitario.
Mención de responsabilidad, etc. [NR] Secretaría de salud de Bogotá
260 ## - PUBLICACION, DISTRIBUCION, ETC. (PIE DE IMPRENTA) [R]
Lugar de publicación, distribución, etc. [R] Bogotá (Colombia)
Nombre del editor, distribuidor, etc. [R] Secretaría de Salud
Fecha de publicación, distribución, etc. [R] 2004
300 ## - DESCRIPCION FISICA [R]
Extensión [R] 1 CD-ROM
650 04 - ASIENTO SECUNDARIO DE MATERIA - TERMINO TEMATICO [R]
Término temático o nombre geográfico como elemento de entrada [NR] Atención primaria de la salud
Subdivisión geográfica [R] Bogotá (Colombia)
Subdivisión de forma [R] Congresos, conferencias, etc.
-- CD-ROM
9 (RLIN) 9717
650 04 - ASIENTO SECUNDARIO DE MATERIA - TERMINO TEMATICO [R]
Término temático o nombre geográfico como elemento de entrada [NR] Salud pública
9 (RLIN) 8073
650 04 - ASIENTO SECUNDARIO DE MATERIA - TERMINO TEMATICO [R]
Término temático o nombre geográfico como elemento de entrada [NR] Salud pública
Subdivisión geográfica [R] Bogotá (Colombia)
Subdivisión de forma [R] Congresos, conferencias, etc.
-- CD-ROM
9 (RLIN) 8073
942 ## - ELEMENTOS DE ENTRADA AGREGADOS (KOHA)
Tipo de ítem principal el descrito en 300a Multimedia
Sistema de clasificación LOCAL
Tema principal Medicina
Edición 1
Existencias
Fecha de último préstamo Total préstamos Código de barras Última vez visto Volúmen / Fascículo Ejemplar Price effective from Tipo de ítem Perdido Sistema de clasificación Dañado No prestable Tipo de ítem específico Suprimido Ubicación habitual Ubicación actual Localización Fecha de creación Forma de adquisición Costo
22/08/2007   100068937 10/12/2024 CD 0045 Ej.1 03/02/2013 Multimedia   DEWEY     CD-Rom   Claustro Claustro Colección digital 28/02/2007 Donación 0.00